Du rejet de l'indien à l'élection d'un président aymara: généalogie d'une réinvention nationale en Bolivie /
Salvato in:
| Autore principale: | |
|---|---|
| Natura: | testo |
| Tags: |
Aggiungi Tag
Nessun Tag, puoi essere il primo ad aggiungerne!!
|
MARC
| LEADER | 00000 a a2200000 04500 | ||
|---|---|---|---|
| 001 | 9021 | ||
| 003 | |||
| 040 | |||
| 100 | |a Alvizuri, Verushka | ||
| 245 | |a Du rejet de l'indien à l'élection d'un président aymara: |b généalogie d'une réinvention nationale en Bolivie / |c Verushka Alvizuri | ||
| 773 | |g número 204; páginas 9-19 | ||
| 999 | |c 22789 |d 22789 | ||
